| 000 | 00463nam a2200157 i 4500 | ||
|---|---|---|---|
| 001 | 27869 | ||
| 003 | ES-MaACL | ||
| 005 | 20230906153724.0 | ||
| 007 | t| | ||
| 008 | 030115s1962 sp ||||1| spa d | ||
| 110 | 2 |
_aBurgos. _bAyuntamiento. _92257 |
|
| 245 | 1 | 0 |
_aOrdenanzas de exacciones municipales / _cAyuntamiento de Burgos. |
| 260 |
_a[Burgos : _bs.n., _c1962] ( _fGráf. Diario Burgos) |
||
| 300 |
_a264 p. ; _c24 cm. |
||
| 852 |
_aES-MaACL _jC-21946 _bR.50357 |
||
| 999 |
_c27869 _d27869 |
||